| 000 | 00945cab a2200241 4500 | ||
|---|---|---|---|
| 001 | WB2925-33 | ||
| 008 | 090401t1993 xxu||||| |||| 00| 0 eng d | ||
| 035 | _a(Sirsi) u62924 | ||
| 041 | _aeng | ||
| 245 | _aPossession: environmental considerations | ||
| 260 | _c1993 | ||
| 350 | _a0 | ||
| 490 |
_aEstates Gazette Case Summaries _v(1993) EGCS 117(1) (26/6/93) |
||
| 520 | _a"Dawncar Investments Ltd v Plews" CA 16 June 1993. An order for possession was not made against a statutory tenant since the alternative accommodation was deemed under Rent Act 1977 Sch 15 unsuitable. The appeal that too much weight had been given to environmental aspects of the alternative accommodation was dismissed. | ||
| 650 | _aALTERNATIVE ACCOMMODATION | ||
| 650 | _aPOSSESSION | ||
| 650 | _aREASONABLENESS | ||
| 650 | _aRENT ACT 1977 S98 | ||
| 650 | _aRENT ACT 1977 | ||
| 690 | _aLANDLORD AND TENANT-CASE LAW | ||
| 942 | _n0 | ||
| 948 | _c04/03/1997 | ||
| 999 |
_c39096 _d39096 |
||